[Event "LSS No Engine Cup 230 Preliminary 0"]
[Site "LSS email"]
[Date "2022.10.08"]
[Round "?"]
[White "Van Esbroeck, Jeff"]
[Black "Henke, Simon"]
[Result "0-1"]
[WhiteElo "969"]
[BlackElo "2085"]
[PlyCount "48"]
[EventDate "2022.10.08"]
[EventType "tourn (corr)"]
[EventRounds "6"]
[EventCountry "GER"]
[SourceTitle "Corr 2024"]
[Source "ChessBase"]
[SourceDate "2023.10.19"]
[SourceVersion "1"]
[SourceVersionDate "2023.10.19"]
[SourceQuality "1"]

1. d4 Nf6 2. Nc3 g6 3. Nf3 d5 4. e3 Bg7 5. Be2 0-0 6. 0-0 a6 7. Ne5 e6 8. Bd2 Nbd7 9. e4 Nxe4 10. Nxe4 dxe4 11. Ng4 f5 12. Ne3 Bxd4 13. c3 Bg7 14. Qb3 Nc5 15. Qd1 Bd7 16. f3 f4 17. Nc4 e3 18. Bc1 b5 19. Na3 Qe7 20. Nc2 Na4 21. Nb4 c5 22. Nd3 g5 23. Qe1 Rad8 24. Rb1 Be8 0-1

[Event "OP-2022-0-05243"]
[Site "LSS email"]
[Date "2022.01.14"]
[Round "?"]
[White "Martin, Simone"]
[Black "Van Esbroeck, Jeff"]
[Result "1-0"]
[WhiteElo "2099"]
[BlackElo "438"]
[PlyCount "37"]
[EventDate "2022.01.12"]
[EventType "tourn (corr)"]
[EventRounds "4"]
[EventCountry "GER"]
[SourceTitle "Corr 2024"]
[Source "ChessBase"]
[SourceDate "2023.10.19"]
[SourceVersion "1"]
[SourceVersionDate "2023.10.19"]
[SourceQuality "1"]

1. e4 e5 2. Nf3 Nc6 3. Bb5 d6 4. d4 Bd7 5. Bxc6 Bxc6 6. Nc3 Nf6 7. Qd3 Be7 8. dxe5 dxe5 9. Nxe5 0-0 10. Nxc6 Qxd3 11. cxd3 bxc6 12. Ke2 Bb4 13. Bf4 Bd6 14. g3 Bxf4 15. gxf4 Rfe8 16. Kf3 Rab8 17. b3 a6 18. Rac1 Rbd8 19. Rhd1 1-0

[Event "OP-2022-0-05243"]
[Site "LSS email"]
[Date "2022.01.13"]
[Round "?"]
[White "Molina, Vicente Andres"]
[Black "Van Esbroeck, Jeff"]
[Result "1-0"]
[WhiteElo "748"]
[BlackElo "438"]
[PlyCount "25"]
[EventDate "2022.01.12"]
[EventType "tourn (corr)"]
[EventRounds "4"]
[EventCountry "GER"]
[SourceTitle "Corr 2024"]
[Source "ChessBase"]
[SourceDate "2023.10.19"]
[SourceVersion "1"]
[SourceVersionDate "2023.10.19"]
[SourceQuality "1"]

1. e4 e5 2. Nf3 Nc6 3. Bb5 d6 4. c3 Nf6 5. d3 Bd7 6. Bg5 Be7 7. Nbd2 0-0 8. d4 Na5 9. Qe2 Bxb5 10. Qxb5 b6 11. dxe5 Ng4 12. Bxe7 Qxe7 13. exd6 1-0

[Event "LSS No Engine Cup 217 Preliminary 0"]
[Site "LSS email"]
[Date "2021.05.06"]
[Round "?"]
[White "Tylecek, Drahomir"]
[Black "Van Esbroeck, Jeff"]
[Result "1-0"]
[WhiteElo "1472"]
[BlackElo "985"]
[PlyCount "49"]
[EventDate "2021.05.06"]
[EventType "tourn (corr)"]
[EventRounds "6"]
[EventCountry "GER"]
[SourceTitle "Corr 2024"]
[Source "ChessBase"]
[SourceDate "2023.10.19"]
[SourceVersion "1"]
[SourceVersionDate "2023.10.19"]
[SourceQuality "1"]

1. d4 d5 2. c4 e6 3. Nc3 Nf6 4. cxd5 exd5 5. Bg5 Be7 6. Nf3 0-0 7. Qc2 h6 8. Bxf6 Bxf6 9. e3 Nc6 10. 0-0-0 Bg4 11. h3 Bxf3 12. gxf3 Bh4 13. Rg1 Nb4 14. Qd2 a5 15. e4 dxe4 16. fxe4 Bg5 17. f4 Be7 18. Bc4 b5 19. Bxb5 Rb8 20. Bc4 Rb6 21. a3 Nc6 22. Nd5 Rb7 23. Nxe7+ Nxe7 24. f5 Rb6 25. Qc3 1-0

[Event "LSS No Engine Cup 217 Preliminary 0"]
[Site "LSS email"]
[Date "2021.05.06"]
[Round "?"]
[White "Van Esbroeck, Jeff"]
[Black "Mueller, Bernd"]
[Result "0-1"]
[WhiteElo "985"]
[BlackElo "2049"]
[PlyCount "44"]
[EventDate "2021.05.06"]
[EventType "tourn (corr)"]
[EventRounds "6"]
[EventCountry "GER"]
[SourceTitle "Corr 2024"]
[Source "ChessBase"]
[SourceDate "2023.10.19"]
[SourceVersion "1"]
[SourceVersionDate "2023.10.19"]
[SourceQuality "1"]

1. d4 d5 2. Nc3 Nf6 3. Nf3 e6 4. Bg5 Be7 5. Ne5 0-0 6. e3 c5 7. Be2 h6 8. Bxf6 Bxf6 9. Ng4 Be7 10. 0-0 Nc6 11. Ne5 Nxe5 12. dxe5 Bd7 13. Bb5 Bxb5 14. Nxb5 Qb6 15. Nc3 Qxb2 16. Qd2 Qa3 17. Nb5 Qb4 18. Qxb4 cxb4 19. c3 a6 20. Nd4 bxc3 21. Rfc1 Ba3 22. Rxc3 Bb2 0-1

[Event "LSS No Engine Cup 213 Preliminary 0"]
[Site "LSS email"]
[Date "2021.01.28"]
[Round "?"]
[White "Recio, Luis"]
[Black "Van Esbroeck, Jeff"]
[Result "1-0"]
[WhiteElo "1462"]
[BlackElo "995"]
[PlyCount "59"]
[EventDate "2021.01.28"]
[EventType "tourn (corr)"]
[EventRounds "6"]
[EventCountry "GER"]
[SourceTitle "Corr 2024"]
[Source "ChessBase"]
[SourceDate "2023.10.19"]
[SourceVersion "1"]
[SourceVersionDate "2023.10.19"]
[SourceQuality "1"]

1. Nf3 d5 2. e3 Nc6 3. d4 Bg4 4. Be2 Nf6 5. c3 e6 6. Nbd2 Be7 7. h3 Bxf3 8. Nxf3 0-0 9. 0-0 Ne4 10. Nd2 Ng5 11. Nf3 Ne4 12. Nd2 Nd6 13. Bf3 e5 14. dxe5 Nxe5 15. Bxd5 c6 16. Bf3 Qc7 17. Qc2 Ng6 18. b3 Ne5 19. Bb2 Nxf3+ 20. Nxf3 Nf5 21. Qxf5 g6 22. Qc2 c5 23. c4 f6 24. Rad1 Rad8 25. Rd5 Rxd5 26. cxd5 Bd6 27. Rc1 f5 28. Qc3 Rc8 29. Qh8+ Kf7 30. Ng5+ 1-0

[Event "LSS No Engine Cup 213 Preliminary 0"]
[Site "LSS email"]
[Date "2021.01.28"]
[Round "?"]
[White "Van Bommel, Ton"]
[Black "Van Esbroeck, Jeff"]
[Result "1-0"]
[WhiteElo "2381"]
[BlackElo "995"]
[PlyCount "47"]
[EventDate "2021.01.28"]
[EventType "tourn (corr)"]
[EventRounds "6"]
[EventCountry "GER"]
[SourceTitle "Corr 2024"]
[Source "ChessBase"]
[SourceDate "2023.10.19"]
[SourceVersion "1"]
[SourceVersionDate "2023.10.19"]
[SourceQuality "1"]

1. d4 d5 2. Nf3 Nc6 3. c4 e6 4. Nc3 Nf6 5. a3 Be7 6. e3 0-0 7. Bd3 b6 8. cxd5 exd5 9. 0-0 Bg4 10. h3 Bd7 11. Qc2 g6 12. e4 dxe4 13. Nxe4 Nxe4 14. Bxe4 Rb8 15. Bxc6 Bxc6 16. Qxc6 Qd6 17. Qa4 Rfd8 18. Bh6 a5 19. Rfe1 Bf8 20. Bxf8 Kxf8 21. h4 Kg7 22. h5 Re8 23. Rxe8 Rxe8 24. Qxe8 1-0

[Event "LSS No Engine Cup 213 Preliminary 0"]
[Site "LSS email"]
[Date "2021.01.28"]
[Round "?"]
[White "Van Esbroeck, Jeff"]
[Black "Cruz Ramirez, Eliecer"]
[Result "0-1"]
[WhiteElo "995"]
[BlackElo "2035"]
[PlyCount "44"]
[EventDate "2021.01.28"]
[EventType "tourn (corr)"]
[EventRounds "6"]
[EventCountry "GER"]
[SourceTitle "Corr 2024"]
[Source "ChessBase"]
[SourceDate "2023.10.19"]
[SourceVersion "1"]
[SourceVersionDate "2023.10.19"]
[SourceQuality "1"]

1. d4 Nf6 2. c4 e6 3. Nc3 Bb4 4. Bd2 0-0 5. e4 Bxc3 6. Bxc3 Nxe4 7. Nf3 Nxc3 8. bxc3 b6 9. Be2 Bb7 10. 0-0 d6 11. d5 Nd7 12. Nd2 exd5 13. cxd5 Bxd5 14. c4 Bb7 15. Bf3 Bxf3 16. Nxf3 Nc5 17. Nd4 Re8 18. Nc6 Qd7 19. Nd4 Re4 20. Nf5 Qxf5 21. Qd5 Qxd5 22. cxd5 Rae8 0-1

[Event "LSS No Engine Cup 203 Preliminary 0"]
[Site "LSS email"]
[Date "2020.04.27"]
[Round "?"]
[White "Van Esbroeck, Jeff"]
[Black "De Paz Gonzalez, Yasset"]
[Result "0-1"]
[WhiteElo "1073"]
[BlackElo "1600"]
[PlyCount "42"]
[EventDate "2020.04.27"]
[EventType "tourn (corr)"]
[EventRounds "6"]
[EventCountry "GER"]
[SourceTitle "Corr 2022"]
[Source "ChessBase"]
[SourceDate "2021.10.24"]
[SourceVersion "1"]
[SourceVersionDate "2021.10.24"]
[SourceQuality "1"]

1. e4 c6 2. Nf3 d5 3. d3 dxe4 4. dxe4 Qxd1+ 5. Kxd1 Nf6 6. Nc3 Nbd7 7. Bd2 h6 8. Nd4 e5 9. Nf5 b5 10. a3 a5 11. Be2 g6 12. Ne3 Nc5 13. Rb1 b4 14. axb4 axb4 15. Na2 Rxa2 16. Bxb4 Nfxe4 17. Bxc5 Bxc5 18. Ke1 Bb4+ 19. c3 Rxb2 20. Rxb2 Bxc3+ 21. Kd1 Nxf2+ 0-1

[Event "LSS No Engine Cup 203 Preliminary 0"]
[Site "LSS email"]
[Date "2020.04.27"]
[Round "?"]
[White "Van Esbroeck, Jeff"]
[Black "Wuttke, Bodo"]
[Result "0-1"]
[WhiteElo "1073"]
[BlackElo "1600"]
[PlyCount "50"]
[EventDate "2020.04.27"]
[EventType "tourn (corr)"]
[EventRounds "6"]
[EventCountry "GER"]
[SourceTitle "Corr 2022"]
[Source "ChessBase"]
[SourceDate "2021.10.24"]
[SourceVersion "1"]
[SourceVersionDate "2021.10.24"]
[SourceQuality "1"]

1. e4 e6 2. d4 d5 3. e5 c5 4. c3 Bd7 5. Nf3 Nc6 6. Be3 Qb6 7. Qc1 Rc8 8. Be2 cxd4 9. cxd4 Nxe5 10. dxe5 Rxc1+ 11. Bxc1 Bb4+ 12. Bd2 Ne7 13. 0-0 0-0 14. Be3 Qc7 15. a3 Ba5 16. Nbd2 Ng6 17. Nb3 Bb6 18. Bxb6 Qxb6 19. Nbd4 f6 20. exf6 e5 21. fxg7 Kxg7 22. Nc2 Nf4 23. Bd1 Nh3+ 24. gxh3 Bxh3 25. Re1 Qg6+ 0-1

[Event "LSS No Engine Cup 199 Preliminary 0"]
[Site "LSS email"]
[Date "2020.02.11"]
[Round "?"]
[White "Van Esbroeck, Jeff"]
[Black "Neumann, Otto"]
[Result "0-1"]
[WhiteElo "1106"]
[BlackElo "1171"]
[PlyCount "52"]
[EventDate "2020.02.11"]
[EventType "tourn (corr)"]
[EventRounds "6"]
[EventCountry "GER"]
[SourceTitle "Corr 2022"]
[Source "ChessBase"]
[SourceDate "2021.10.24"]
[SourceVersion "1"]
[SourceVersionDate "2021.10.24"]
[SourceQuality "1"]

1. e4 c6 2. d4 d5 3. e5 Bf5 4. Nc3 e6 5. Nf3 Bb4 6. Bd2 Ne7 7. Be2 Nd7 8. 0-0 0-0 9. Na4 Bxd2 10. Qxd2 h6 11. Bd3 Bxd3 12. Qxd3 Re8 13. Nc5 Rb8 14. Nxd7 Qxd7 15. b3 b5 16. c4 b4 17. cxd5 Nxd5 18. g3 a5 19. Nd2 Nc3 20. Ne4 Nd5 21. Nc5 Qa7 22. Ne4 Qb6 23. Nc5 Rbd8 24. Rfe1 Qa7 25. Qa6 Qc7 26. Nb7 Ra8 0-1

[Event "SN-2018-0-00954"]
[Site "LSS email"]
[Date "2018.12.18"]
[Round "?"]
[White "Neumann, Otto"]
[Black "Van Esbroeck, Jeff"]
[Result "1-0"]
[WhiteElo "944"]
[BlackElo "460"]
[PlyCount "31"]
[EventDate "2018.11.19"]
[EventType "tourn (corr)"]
[EventRounds "6"]
[EventCountry "GER"]
[SourceTitle "Corr 2022"]
[Source "ChessBase"]
[SourceDate "2021.10.24"]
[SourceVersion "1"]
[SourceVersionDate "2021.10.24"]
[SourceQuality "1"]

1. e4 e5 2. Nf3 Nc6 3. Nc3 Nf6 4. Bc4 Bc5 5. h3 0-0 6. Nd5 Nxe4 7. Ne3 d6 8. Nd5 Nxf2 9. Qe2 Nxh1 10. d3 Nd4 11. Nxd4 Bxd4 12. c3 Bf2+ 13. Kd2 Qg5+ 14. Kc2 c6 15. Bxg5 cxd5 16. Bxd5 1-0

[Event "LSS No Engine Cup 184 Preliminary 0"]
[Site "LSS email"]
[Date "2018.12.02"]
[Round "?"]
[White "Cabrera Trujillo, Claudio Tomas"]
[Black "Van Esbroeck, Jeff"]
[Result "0-1"]
[WhiteElo "1417"]
[BlackElo "1052"]
[PlyCount "51"]
[EventDate "2018.12.03"]
[EventType "tourn (corr)"]
[EventRounds "6"]
[EventCountry "GER"]
[SourceTitle "Corr 2022"]
[Source "ChessBase"]
[SourceDate "2021.10.24"]
[SourceVersion "1"]
[SourceVersionDate "2021.10.24"]
[SourceQuality "1"]

1. e4 e5 2. Nf3 Nc6 3. Bc4 h6 4. d3 Be7 5. Nc3 Nf6 6. Bb5 d6 7. d4 0-0 8. Bxc6 bxc6 9. 0-0 Bg4 10. Qd3 Bxf3 11. gxf3 Nh5 12. dxe5 Qc8 13. exd6 cxd6 14. Ne2 Bg5 15. Bxg5 hxg5 16. Qxd6 g4 17. Qa3 Re8 18. Rfe1 c5 19. Qe3 Rb8 20. b3 Re5 21. f4 Re6 22. Rad1 Qe8 23. Nc3 Nf6 24. e5 Nd7 25. Qd3 Nb6 26. Ne4 0-1

[Event "LSS No Engine Cup 184 Preliminary 0"]
[Site "LSS email"]
[Date "2018.12.02"]
[Round "?"]
[White "Mostowik, Pawel"]
[Black "Van Esbroeck, Jeff"]
[Result "1-0"]
[WhiteElo "2140"]
[BlackElo "1052"]
[PlyCount "37"]
[EventDate "2018.12.03"]
[EventType "tourn (corr)"]
[EventRounds "6"]
[EventCountry "GER"]
[SourceTitle "Corr 2022"]
[Source "ChessBase"]
[SourceDate "2021.10.24"]
[SourceVersion "1"]
[SourceVersionDate "2021.10.24"]
[SourceQuality "1"]

1. e4 e5 2. Nf3 Nc6 3. Bb5 d6 4. d4 Bd7 5. 0-0 Nf6 6. d5 Ne7 7. Bxd7+ Qxd7 8. Re1 0-0-0 9. a4 Ng6 10. c4 Be7 11. a5 c6 12. Nc3 c5 13. Rb1 Nh4 14. Nxh4 g6 15. b4 Ng4 16. Nf3 h5 17. bxc5 dxc5 18. Re2 h4 19. Reb2 1-0

[Event "LSS No Engine Cup 184 Preliminary 0"]
[Site "LSS email"]
[Date "2018.12.02"]
[Round "?"]
[White "Van Esbroeck, Jeff"]
[Black "Schnoewitz, Brigitte"]
[Result "0-1"]
[WhiteElo "1052"]
[BlackElo "1354"]
[PlyCount "74"]
[EventDate "2018.12.03"]
[EventType "tourn (corr)"]
[EventRounds "6"]
[EventCountry "GER"]
[SourceTitle "Corr 2022"]
[Source "ChessBase"]
[SourceDate "2021.10.24"]
[SourceVersion "1"]
[SourceVersionDate "2021.10.24"]
[SourceQuality "1"]

1. e4 c5 2. Nf3 Nc6 3. d4 cxd4 4. Nxd4 Nf6 5. Nc3 a6 6. Be2 d6 7. 0-0 g6 8. Be3 Bg7 9. Nf3 b5 10. Bd3 0-0 11. a3 Qc7 12. Rb1 Bb7 13. h3 Rad8 14. Nd4 Ne5 15. Nf3 Nc4 16. Bxc4 Qxc4 17. Nd2 Qc6 18. Qf3 Nd7 19. Nd5 Rde8 20. Nb4 Qc8 21. c3 Ne5 22. Qg3 Nc4 23. Nxc4 Qxc4 24. Qg4 Bc8 25. Qh4 Bb7 26. Rbd1 Bf6 27. Bg5 Bxg5 28. Qxg5 Qxe4 29. Rde1 Qf5 30. Qxf5 gxf5 31. Re3 f4 32. Rd3 Kh8 33. f3 Rd8 34. Rfd1 Rg8 35. Nd5 e5 36. Nf6 Rg6 37. Nd5 Rdg8 0-1

[Event "OP-2018-0-04666"]
[Site "LSS email"]
[Date "2018.11.02"]
[Round "?"]
[White "Glowinski, Daniel"]
[Black "Van Esbroeck, Jeff"]
[Result "1-0"]
[WhiteElo "1543"]
[BlackElo "460"]
[PlyCount "41"]
[EventDate "2018.10.25"]
[EventType "tourn (corr)"]
[EventRounds "4"]
[EventCountry "GER"]
[SourceTitle "Corr 2022"]
[Source "ChessBase"]
[SourceDate "2021.10.24"]
[SourceVersion "1"]
[SourceVersionDate "2021.10.24"]
[SourceQuality "1"]

1. e4 e5 2. Nf3 Nc6 3. Bb5 d6 4. 0-0 Bg4 5. h3 Bd7 6. d4 Nxd4 7. Nxd4 exd4 8. Bxd7+ Qxd7 9. Qxd4 Nf6 10. Nc3 Be7 11. Rd1 0-0 12. e5 Ne8 13. Bf4 b6 14. Re1 c5 15. Qd3 Nc7 16. exd6 Bxd6 17. Bxd6 Rfd8 18. Bxc7 Qxc7 19. Qf3 Qd7 20. Rad1 Qc7 21. Nd5 1-0

[Event "OP-2018-0-04666"]
[Site "LSS email"]
[Date "2018.11.02"]
[Round "?"]
[White "Slatinsky, Milan"]
[Black "Van Esbroeck, Jeff"]
[Result "1-0"]
[WhiteElo "1512"]
[BlackElo "460"]
[PlyCount "39"]
[EventDate "2018.10.25"]
[EventType "tourn (corr)"]
[EventRounds "4"]
[EventCountry "GER"]
[SourceTitle "Corr 2022"]
[Source "ChessBase"]
[SourceDate "2021.10.24"]
[SourceVersion "1"]
[SourceVersionDate "2021.10.24"]
[SourceQuality "1"]

1. e4 e5 2. Nf3 Nc6 3. Bc4 Nf6 4. Ng5 d5 5. exd5 Nxd5 6. Nxf7 Kxf7 7. Qf3+ Ke8 8. Bxd5 Qf6 9. Qh5+ g6 10. Bxc6+ Qxc6 11. Qxe5+ Be6 12. 0-0 Rg8 13. Re1 Kd7 14. d4 Qd5 15. Qe2 Bg7 16. Nc3 Qd6 17. Ne4 Qxd4 18. Nc5+ Qxc5 19. Qxe6+ Kd8 20. Bg5+ 1-0

[Event "OP-2018-0-04666"]
[Site "LSS email"]
[Date "2018.11.02"]
[Round "?"]
[White "Van Esbroeck, Jeff"]
[Black "Janisch, Manfred"]
[Result "0-1"]
[WhiteElo "460"]
[BlackElo "2369"]
[PlyCount "60"]
[EventDate "2018.10.25"]
[EventType "tourn (corr)"]
[EventRounds "4"]
[EventCountry "GER"]
[SourceTitle "Corr 2022"]
[Source "ChessBase"]
[SourceDate "2021.10.24"]
[SourceVersion "1"]
[SourceVersionDate "2021.10.24"]
[SourceQuality "1"]

1. e4 c5 2. Nf3 d6 3. d4 cxd4 4. Nxd4 Nf6 5. Nc3 a6 6. Bc4 e6 7. 0-0 Be7 8. Be3 b5 9. Be2 Bb7 10. Nf3 b4 11. Na4 Nbd7 12. c3 bxc3 13. Nxc3 Nxe4 14. Nxe4 Bxe4 15. Bd3 Bxf3 16. Qxf3 Ne5 17. Qe2 Nxd3 18. Qxd3 d5 19. b3 Qd7 20. Bd4 0-0 21. Qg3 f6 22. Rac1 e5 23. Bb2 d4 24. Rcd1 Rfc8 25. h3 Rc2 26. Qf3 Rac8 27. Rb1 d3 28. Bc1 f5 29. Rd1 e4 30. Qe3 Bc5 0-1

[Event "OP-2018-0-04666"]
[Site "LSS email"]
[Date "2018.11.01"]
[Round "?"]
[White "Van Esbroeck, Jeff"]
[Black "Rost, Bernd"]
[Result "0-1"]
[WhiteElo "460"]
[BlackElo "1586"]
[PlyCount "22"]
[EventDate "2018.10.25"]
[EventType "tourn (corr)"]
[EventRounds "4"]
[EventCountry "GER"]
[SourceTitle "Corr 2022"]
[Source "ChessBase"]
[SourceDate "2021.10.24"]
[SourceVersion "1"]
[SourceVersionDate "2021.10.24"]
[SourceQuality "1"]

1. e4 d5 2. e5 c5 3. d4 cxd4 4. Qxd4 Nc6 5. Qe3 d4 6. Qe4 g6 7. Nf3 Bf5 8. Qe2 Rc8 9. Bf4 d3 10. cxd3 Nb4 11. Nc3 Nxd3+ 0-1

[Event "LSS No Engine Cup 177 Preliminary 0"]
[Site "LSS email"]
[Date "2018.02.10"]
[Round "?"]
[White "Van Esbroeck, Jeff"]
[Black "Rojas, Fernando"]
[Result "0-1"]
[WhiteElo "1084"]
[BlackElo "1588"]
[PlyCount "62"]
[EventDate "2018.02.11"]
[EventType "tourn (corr)"]
[EventRounds "6"]
[EventCountry "GER"]
[SourceTitle "Corr 2022"]
[Source "ChessBase"]
[SourceDate "2021.10.24"]
[SourceVersion "1"]
[SourceVersionDate "2021.10.24"]
[SourceQuality "1"]

1. e4 e5 2. Nf3 Nc6 3. Bb5 a6 4. Bxc6 dxc6 5. 0-0 Bd6 6. Nc3 Bg4 7. d3 Qf6 8. h3 Bxf3 9. Qxf3 Qxf3 10. gxf3 Ne7 11. Bg5 f6 12. Bh4 g5 13. Bg3 h5 14. Ne2 f5 15. d4 Ng6 16. exf5 Nh4 17. Bxh4 gxh4 18. c3 0-0-0 19. Kg2 exd4 20. Nxd4 Rdg8+ 21. Kh1 Rh7 22. Ne6 Re7 23. Rae1 Rf7 24. Rg1 Rxg1+ 25. Rxg1 Rxf5 26. Rg8+ Kd7 27. Nd4 Re5 28. Rg7+ Re7 29. Nf5 Rxg7 30. Nxg7 Bf4 31. Nxh5 Bc1 0-1

[Event "LSS No Engine Cup 175 Preliminary 0"]
[Site "LSS email"]
[Date "2017.12.10"]
[Round "?"]
[White "Van Esbroeck, Jeff"]
[Black "Etchepareborda, Juan"]
[Result "0-1"]
[WhiteElo "1084"]
[BlackElo "1360"]
[PlyCount "44"]
[EventDate "2017.12.11"]
[EventType "tourn (corr)"]
[EventRounds "6"]
[EventCountry "GER"]
[SourceTitle "Corr 2022"]
[Source "ChessBase"]
[SourceDate "2021.10.24"]
[SourceVersion "1"]
[SourceVersionDate "2021.10.24"]
[SourceQuality "1"]

1. e4 c5 2. Nf3 d6 3. d4 cxd4 4. Nxd4 g6 5. c3 Bg7 6. Nf3 Nc6 7. Bb5 Bd7 8. 0-0 Nf6 9. Re1 0-0 10. Bd2 Qb6 11. Bxc6 Bxc6 12. Qc1 Ng4 13. Be3 Nxe3 14. Rxe3 Bh6 15. Nd4 Bxe3 16. fxe3 Bxe4 17. Nd2 d5 18. N2b3 Qf6 19. Nc5 Qg5 20. Qf1 Qxe3+ 21. Qf2 Qg5 22. Nf3 Bxf3 0-1

[Event "LSS No Engine Cup 175 Preliminary 0"]
[Site "LSS email"]
[Date "2017.12.10"]
[Round "?"]
[White "Van Esbroeck, Jeff"]
[Black "Pech, Matej"]
[Result "1-0"]
[WhiteElo "1084"]
[BlackElo "1380"]
[PlyCount "41"]
[EventDate "2017.12.11"]
[EventType "tourn (corr)"]
[EventRounds "6"]
[EventCountry "GER"]
[SourceTitle "Corr 2022"]
[Source "ChessBase"]
[SourceDate "2021.10.24"]
[SourceVersion "1"]
[SourceVersionDate "2021.10.24"]
[SourceQuality "1"]

1. e4 c5 2. Nf3 d6 3. d3 e5 4. Nc3 Be7 5. Nd5 Nc6 6. Be2 Nf6 7. 0-0 0-0 8. Nc3 d5 9. exd5 Nxd5 10. Nxd5 Qxd5 11. c4 Qd8 12. Be3 Bf5 13. b3 Qc7 14. a3 Bg6 15. Ng5 Rad8 16. Qc2 Bxg5 17. Bxc5 e4 18. Rad1 exd3 19. Bxd3 Rxd3 20. Bxf8 Nd4 21. Rfe1 1-0

[Event "SN-2017-0-00879"]
[Site "LSS email"]
[Date "2017.09.20"]
[Round "?"]
[White "Lauer, Frederic"]
[Black "Van Esbroeck, Jeff"]
[Result "1-0"]
[WhiteElo "1101"]
[BlackElo "515"]
[PlyCount "47"]
[EventDate "2017.08.29"]
[EventType "tourn (corr)"]
[EventRounds "6"]
[EventCountry "GER"]
[SourceTitle "Corr 2022"]
[Source "ChessBase"]
[SourceDate "2021.10.24"]
[SourceVersion "1"]
[SourceVersionDate "2021.10.24"]
[SourceQuality "1"]

1. e4 e5 2. Nf3 Nc6 3. Bb5 d6 4. d4 Bd7 5. dxe5 Nxe5 6. Bxd7+ Nxd7 7. 0-0 Ngf6 8. Nc3 Be7 9. Bg5 0-0 10. Qd2 c6 11. Rad1 Ne5 12. Nxe5 dxe5 13. Qe3 Qe8 14. Qg3 Qb8 15. Rd3 Re8 16. Rf3 Nh5 17. Qh4 Nf6 18. Ne2 Qd6 19. Ng3 Qd4 20. Bxf6 Bxf6 21. Qg4 Re6 22. Nh5 Qxb2 23. Rxf6 Rxf6 24. Qxg7# 1-0

[Event "SN-2017-0-00879"]
[Site "LSS email"]
[Date "2017.09.20"]
[Round "?"]
[White "Van Esbroeck, Jeff"]
[Black "Lombardi, Donato"]
[Result "0-1"]
[WhiteElo "515"]
[BlackElo "838"]
[PlyCount "56"]
[EventDate "2017.08.29"]
[EventType "tourn (corr)"]
[EventRounds "6"]
[EventCountry "GER"]
[SourceTitle "Corr 2022"]
[Source "ChessBase"]
[SourceDate "2021.10.24"]
[SourceVersion "1"]
[SourceVersionDate "2021.10.24"]
[SourceQuality "1"]

1. e4 e6 2. d4 d5 3. e5 c5 4. c3 Nc6 5. Nf3 cxd4 6. cxd4 Nge7 7. Nc3 Qb6 8. Be3 Nf5 9. Qd2 Bb4 10. Be2 Bd7 11. 0-0 0-0 12. Rab1 Nxe3 13. Qxe3 f6 14. Na4 Qc7 15. Nc5 Bxc5 16. dxc5 fxe5 17. Ng5 Rf5 18. Qg3 Nd4 19. Bg4 Rxg5 20. Qh3 Qxc5 21. Rbc1 Qe7 22. Rc7 Qd6 23. Rc3 Rf8 24. Rfc1 e4 25. Rd1 e5 26. Bxd7 Ne2+ 27. Kf1 Nxc3 28. bxc3 Qf6 0-1

[Event "LSS No Engine Cup 161 Preliminary 0"]
[Site "LSS email"]
[Date "2016.10.31"]
[Round "?"]
[White "Van Esbroeck, Jeff"]
[Black "Lombardi, Donato"]
[Result "0-1"]
[WhiteElo "1105"]
[BlackElo "1135"]
[PlyCount "60"]
[EventDate "2016.10.31"]
[EventType "tourn (corr)"]
[EventRounds "6"]
[EventCountry "GER"]
[SourceTitle "Corr 2022"]
[Source "ChessBase"]
[SourceDate "2021.10.24"]
[SourceVersion "1"]
[SourceVersionDate "2021.10.24"]
[SourceQuality "1"]

1. e4 e6 2. d4 d5 3. e5 c5 4. Nf3 Nc6 5. c3 Qb6 6. Be2 cxd4 7. Nxd4 Nxe5 8. 0-0 Nf6 9. Nd2 Bd6 10. N2f3 Bd7 11. Rb1 Rc8 12. Be3 0-0 13. Nxe5 Bxe5 14. Nf3 Qd6 15. Nxe5 Qxe5 16. Bd4 Qg5 17. Bxf6 Qxf6 18. Bf3 Bc6 19. Qb3 Rfd8 20. h3 e5 21. Bg4 Rb8 22. c4 d4 23. Qg3 e4 24. Rbe1 d3 25. b3 Qb2 26. Bf5 Qxa2 27. Rd1 Qxb3 28. Qh4 g6 29. Qg4 Qxc4 30. Rc1 Qd5 0-1

[Event "LSS No Engine Cup 161 Preliminary 0"]
[Site "LSS email"]
[Date "2016.10.31"]
[Round "?"]
[White "Van Esbroeck, Jeff"]
[Black "Obrien, Glenn"]
[Result "0-1"]
[WhiteElo "1105"]
[BlackElo "1658"]
[PlyCount "54"]
[EventDate "2016.10.31"]
[EventType "tourn (corr)"]
[EventRounds "6"]
[EventCountry "GER"]
[SourceTitle "Corr 2022"]
[Source "ChessBase"]
[SourceDate "2021.10.24"]
[SourceVersion "1"]
[SourceVersionDate "2021.10.24"]
[SourceQuality "1"]

1. e4 e5 2. Nf3 Nc6 3. Bb5 a6 4. Bc4 Nf6 5. Nc3 b5 6. Bd5 b4 7. Ne2 Nxd5 8. exd5 Ne7 9. c4 e4 10. Nfd4 c5 11. Nc2 Nf5 12. 0-0 Qa5 13. Re1 Be7 14. Ng3 Nd6 15. Nxe4 Nxe4 16. Rxe4 d6 17. d3 Qc7 18. Ne3 0-0 19. a3 f5 20. Nxf5 Bxf5 21. Re1 bxa3 22. Rxa3 Bf6 23. h3 Rf7 24. Qf3 Bd4 25. b3 Bd7 26. Qe4 Bxf2+ 27. Kh2 Bf5 0-1